Acció de govern de la Generalitat de Catalunya : juliol-desembre 1983 juliol-desembre 1983
Publicado:
Barcelona :
Servei Central de Publicacions de la Generalitat de Catalunya. Departament de la Presidència ,
1984
Descripción Física:
304 p. ; 21 cm
Materias:
Catalunya -- Política i govern
MARC
| LEADER | 00000nam a2200000Ia 4500 | ||
|---|---|---|---|
| 001 | 1557 | ||
| 008 | 160829s1984 xx 000 0 cat d | ||
| 080 | |a M-2-173 | ||
| 110 | 1 | |a Catalunya. |b Generalitat |9 12125 | |
| 245 | |a Acció de govern de la Generalitat de Catalunya : |b juliol-desembre 1983 | ||
| 260 | |a Barcelona : |b Servei Central de Publicacions de la Generalitat de Catalunya. Departament de la Presidència, |c 1984 | ||
| 300 | |a 304 p. ; |c 21 cm | ||
| 490 | |a Col·lecció Departament de la Presidència ; 15 | ||
| 651 | 0 | |a Catalunya |x Política i govern |9 53682 | |
| 901 | |a Arxiu | ||
| 942 | |n 1 | ||
| 952 | |0 0 |1 0 |4 0 |6 M2173 |7 1 |9 42597 |a Arxiu |b Arxiu |d 2016-12-01 |l 0 |o M-2-173 |p 1557 |r 2016-12-01 00:00:00 |w 2016-12-01 |y ARXIU | ||
| 999 | |c 45102 |d 45102 | ||